header

Urbanism on track (Record no. 24337)

MARC details
000 -LEADER
fixed length control field 01290nam a2200325Ia 4500
245 00 - TITLE STATEMENT
Title Urbanism on track
260 ## - PUBLICATION, DISTRIBUTION, ETC. (IMPRINT)
Place of publication Amsterdam :
Name of publisher IOS Press,
Year of publication 2008.
300 ## - PHYSICAL DESCRIPTION
Number of Pages 196 p. :
Other physical details ill.
490 1# - SERIES STATEMENT
Series statement Research in urbanism series ;
650 #0 - SUBJECT ADDED ENTRY--TOPICAL TERM
Topical Term City planning.
Topical Term Land use
Topical Term Geographic information systems.
700 1# - ADDED ENTRY--PERSONAL NAME
Personal name Van Schaick, J.
Personal name Van der Spek, S. C.
856 40 - ELECTRONIC LOCATION AND ACCESS
Uniform Resource Identifier http://site.ebrary.com/lib/rucke/Doc?id=10267480

No items available.

© 2026 Rongo University
Contact us: librarian | system librarian | Rongo university